Statistics for Unicorns

Click here to take the quiz!

General Stats

  • This quiz has been taken 15 times
  • The average score is 6 of 15

Answer Stats

HintAnswer% Correct
How many horns does unicorns have?One(duh)
87%
What is the most common unicorn coat color?White
80%
Who likes unicorns?Everyone(obviously)
73%
A winged horse is not a unicorn, but a _____.Pegasus
73%
What do unicorns eat?Berries/Grass
60%
What shape is their hoofprints?Heart
53%
Where do unicorns live?The forest
53%
A unicorn with wings is called ______.Alicorn/Pegacorn
33%
Unicorns are a symbol for ______.Purity
20%
When is a unicorn completely grown up?Around 500 years
7%
They were also supposed to have _____ hooves.Cloven
7%
And that their horn was ______.Healing
7%
Unicorns were originally thought to have a ______.Lions tail
7%
Unicorns are good creatures, but which other mythical horse is evil?The brook horse/Bäckahästen
7%
And they could only be captured by a _____.Virgin(i can catch one lol)
7%

Score Distribution

Percentile by Number Answered

Percent of People with Each Score

Your Score History

You have not taken this quiz